• 首页
  • 本馆介绍
  • 公告通知
  • 最新文献
  • 馆藏检索
  • 电子资源
  • 读者导购
  • 参考咨询
  • 我的图书馆
  • 登录
  • 详细信息显示
  • 放入我的书架
  • 预约/预借图书
  • 作者相关作品
  • 分类相关作品
  • 丛书相关作品
  • 出版社相关作品

书目信息

  • 表格格式
  • 工作单格式
  • 卡片格式
题名:
田园的微笑
    
 
作者: 蔡志忠, 著
分册:  
出版信息: 北京   现代出版社  2020.1
页数: 168页
开本: 21cm
丛书名: 蔡志忠经典解密系列
单 册:
中图分类: B825 , J228.2
科图分类:
主题词: 个人--修养--中国--明代 , 漫画--连环画--中国--现代
电子资源:
ISBN: 978-7-5143-8062-0
000 01255nam 2200349 45
001 012001000576
005 20140819082620.0
010    @a978-7-5143-8062-0@dCNY36.80
099    @aCAL 012020003068
100    @a20200108d2020 em y0chiy0110 ea
101 0  @achi
102    @aCN@b110000
105    @aa z 000yy
106    @ar
200 1  @a田园的微笑@Atian yuan de wei xiao@e《菜根谭》解密@f蔡志忠著
210    @a北京@c现代出版社@d2020.1
215    @a168页@c图@d21cm
225 2  @a蔡志忠经典解密系列@Acai zhi zhong jing dian jie mi xi lie
300    @a其他题名:《菜根谭》解密
314    @a蔡志忠, 著名漫画家, 1983年开始创作四格漫画。
330    @a本书是一套励志类的人生哲学作品, 是“蔡志忠经典解密” 系列之一。作者通过用图文结合的方式深入浅出地解析了经典著作《菜根谭》, 旨在帮助读者得到先贤智慧, 掌握人生的方向与未来。
410  0 @12001 @a蔡志忠经典解密系列
461  0 @12001 @a蔡志忠经典解密系列
517 1  @a《菜根谭》解密
604    @1701 0@a洪应明,@f1573-1620@150010@a菜根谭@j通俗读物
606 0  @a个人@x修养@y中国@z明代
606 0  @a漫画@x连环画@y中国@z现代
690    @aB825@v5
690    @aJ228.2@v5
701  0 @a蔡志忠,@Acai zhi zhong@f1948-@4著
801    @aCN@bAHXH@c20210922
905    @b1359230-2@dB825@e1851@f3
    
    田园的微笑:《菜根谭》解密/蔡志忠著.-北京:现代出版社,2020.1
    168页:图;21cm.-(蔡志忠经典解密系列)
    其他题名:《菜根谭》解密
    
    ISBN 978-7-5143-8062-0:CNY36.80
    本书是一套励志类的人生哲学作品, 是“蔡志忠经典解密” 系列之一。作者通过用图文结合的方式深入浅出地解析了经典著作《菜根谭》, 旨在帮助读者得到先贤智慧, 掌握人生的方向与未来。
●
相关链接 在E读中查询图书 在五车中查询图书 在当当中查询图书 在豆瓣中查询图书


正题名:田园的微笑     索取号:B825/1851         预约/预借

序号 登录号 条形码 馆藏地/架位号 状态 备注
1 1359230   213592307   第一样本阅览室/ [索取号:B825/1851] 在馆    
2 1359231   213592316   第一借阅区/ [索取号:B825/1851] 在馆    
3 1359232   213592325   第一借阅区/ [索取号:B825/1851] 在馆    
唐山师范学院图书馆 欢迎您!
大连网信软件有限公司© 版权所有